000 00289nam a22001217a 4500
999 _c6039
_d6039
245 _aCustoms Act, 2015
_b(ACT 891)
_cby Republic of Ghana
246 _aACT 891
260 _aAccra
_bAssembly Press
_c2015
300 _a109p.
440 _aActs of Parliament.
650 _aACT891
942 _cREF